Educare con differenza : modelli educativi e pratiche formative /

Gespeichert in:
Bibliographische Detailangaben
Weitere Verfasser: Padoan, Ivana (Herausgegeben von), Sangiuliano, Maria (Herausgegeben von)
Format: Buch
Sprache:Italienisch
Veröffentlicht: Torino : Rosenberg & Sellier, 2008
Schriftenreihe:Differenza & differenze
Tags: Tag hinzufügen
Keine Tags, Fügen Sie das erste Tag hinzu!

MARC

LEADER 00000nam a22000007i 4500
001 IT\ICCU\TO0\1687806
003 ItRI
005 20260115232145.0
008 081127s2008 it |||||| ||||| |||||c
020 |a 9788878850194 
040 |b ita  |c importazione bologna sebina 
041 7 |a ita  |2 ISO-639-2 
130 0 |a Educare con differenza  |3 IT\ICCU\RL1\0114747 
245 0 0 |a Educare con differenza :  |b modelli educativi e pratiche formative /  |c a cura di Ivana Padoan e Maria Sangiuliano. 
260 |a Torino :  |b Rosenberg & Sellier,  |c 2008 
300 |a 269 p. ;  |c 24 cm +  |e 1 CD-ROM. 
700 1 |a Padoan, Ivana  |0 IT\ICCU\CFIV\047787  |4 edt 
700 1 |a Sangiuliano, Maria  |0 IT\ICCU\VEAV\060478  |4 edt 
790 1 |a Padoan, Ivana Maria  |3 IT\ICCU\BVEV\295409  |z Padoan, Ivana 
830 0 |a Differenza & differenze  |0 IT\ICCU\BVE\0472912 
942 |2 ddc  |c BK  |n 0 
952 |0 0  |1 0  |4 0  |6 DOC_370_100000000000000_PAD  |7 0  |9 21056  |a BO  |b BO  |d 2026-01-15  |i 14364  |l 0  |o DOC 370.1 PAD  |p BO14364  |r 2026-01-15 23:21:45  |w 2026-01-15  |x [Sebina 5] [1 v.]  |y BK  |z 1 v. + 1 CD-ROM 
999 |c 17990  |d 17990